000 00936nmm a2200277 a 4500
001 ocm0001703159
003 TR-IsHL
005 20201028170338.0
008 180110s2017 tu tur
007 cr cn
020 _a9786059496735
035 _a1703159
_b(N$T)
050 0 4 _aPZ8.1
_b.B193 2017
090 0 4 _aPZ8.1
_b.B193 2017
100 1 _aBaldwin, James
245 1 0 _aThe story of Roland
_h[electronic resource] /
_cJames Baldwin ; illustrated by R. B. Birch
260 _aİstanbul :
_bE-Kitap Projesi & Cheapest Books ,
_c2017
300 _a397 p.
650 4 _aDil ve Edebiyat
650 4 _aLanguage and Literature
650 0 _aRolan (Efsanevi karakter)
650 0 _aRoland (Legendary character)
650 7 _aJUVENILE FICTION / Fairy Tales & Folklore / General
_2bisacsh
700 1 _aBirch, R. B.
856 4 0 _uhttp://search.ebscohost.com/login.aspx?direct=true&scope=site&db=e011xww&AN=1703159
999 _c16219
_d16219